Scream - High School Musical Cast - All Lyrics - Statistics

General Stats
  • This quiz has been taken 19 times
  • The average score is 282 of 355
Answer Stats
Answer % Correct
a
100%
Ah!
100%
Oh
100%
The
100%
the
100%
Yeah,
100%
be
92%
day
92%
do
92%
don't
92%
go
92%
Hear
92%
I
92%
is
92%
Is
92%
it
92%
it,
92%
know
92%
my
92%
no
92%
scream
92%
to
92%
To
92%
where
92%
another
83%
anymore
83%
best
83%
Can
83%
can
83%
choose,
83%
closed
83%
door
83%
down
83%
edge
83%
Fight
83%
find
83%
Got
83%
got
83%
hard
83%
head
83%
heart
83%
her?
83%
I'm
83%
in
83%
It's
83%
it's
83%
It's,
83%
Just
83%
just
83%
me
83%
not
83%
on
83%
Open
83%
own
83%
plan,
83%
pushin',
83%
pushin'
83%
say
83%
so
83%
So
83%
soul
83%
sure
83%
team?
83%
tell
83%
They
83%
they
83%
thing
83%
trust
83%
Voices
83%
want
83%
way
83%
way?
83%
what
83%
What
83%
What's
83%
which
83%
Which
83%
you?
83%
you
83%
You
83%
your
83%
bad
75%
But
75%
but
75%
dream
75%
echoes
75%
else
75%
fill
75%
for
75%
gonna
75%
hands
75%
here
75%
kickin'
75%
mean?
75%
music
75%
one
75%
right
75%
that
75%
They're
75%
they're
75%
upside
75%
without
75%
won't
75%
all
67%
ball's
67%
can't
67%
Can't
67%
confused
67%
enough?
67%
fall
67%
faster
67%
love?
67%
myself,
67%
now,
67%
spinnin'
67%
walls,
67%
work
67%
you're
67%
And
58%
and
58%
ever
58%
fightin'
58%
out,
58%
out
58%
that's
58%
they've
58%
world
58%
break
50%
'em
50%
gotta
50%
Gotta
50%
inside
50%
like
50%
loud
50%
make
50%
man
50%
nothin'
50%
should
50%
This
50%
time,
50%
works
50%
by
42%
clock's
42%
consumed
42%
crowd
42%
gettin'
42%
or
42%
runnin'
42%
sound
42%
through
42%
drivin',
33%
left?
33%
punchin',
33%
searchin',
33%
searchin'
33%
turn
25%
turn,
25%
crashin',
17%
No matching quizzes found
Score Distribution
Percent of People with Each Score
Percentile by Number Answered
Your Score History
You have not taken this quiz